Liste des Pokémon échinodermes, cnidaires, annélides et endolithes - Statistiques

Statistiques générales
  • Ce quiz a été pris 11 fois
  • Le résultat moyen est 15 sur 20
Statistiques - réponses
N° Pokédex Pokémon % Correct
#0120 Stari
100%
#0121 Staross
100%
#0222 Corayon
89%
#0222 Corayon de Galar
89%
#0072 Tentacool
89%
#0073 Tentacruel
89%
#0771 Concombaffe
78%
#0864 Corayôme
78%
#0748 Prédastérie
78%
#0592 Viskuse
78%
#0747 Vorastérie
78%
#0345 Lilia
67%
#0593 Moyade
67%
#0346 Vacilys
67%
#0793 Zéroïd
67%
#0213 Caratroc
56%
#0968 Ferdeter
56%
#0871 Wattapik
56%
#0948 Terracool
44%
#0949 Terracruel
44%
Aucun quiz correspondant
Distribution des résultats
% des personnes avec chaque résultat
Percentile par nombre de réponses
Votre historique - résultats
Vous n’avez pas pris ce quiz